| 000 | 00446cam a22001337a 4500 | ||
|---|---|---|---|
| 008 | 180718b1938 xxu||||| |||| 00| 0 eng d | ||
| 082 | _aP415x5422 C333 | ||
| 100 | _aCentral Provinces and Berar. Physical Uplift Committee | ||
| 245 | _aReport of the Physical Uplift Committee, Central Provinces and Berar | ||
| 260 |
_aNagpur _bThe author _c1938 |
||
| 300 | _a39p. | ||
| 500 | _aChairman: Thakur Chhedilal | ||
| 700 | _aChhedilal, Thakur (Chairman) | ||
| 999 |
_c489482 _d489482 |
||